Statistiques concernant Gentilé des départements de France (niveau facile)

Cliquez ici pour prendre le quiz!

Statistiques générales

  • Ce quiz a été pris 100 fois
  • Le résultat moyen est 14 sur 15

Statistiques - réponses

HintRéponse% Correct
GirondeGirondins
98%
IsèreIsérois
97%
MartiniqueMartiniquais
97%
CharenteCharentais
96%
GuyaneGuyanais
96%
ArdècheArdèchois
93%
SavoieSavoyards
92%
VendéeVendéens
91%
AriègeAriégeois
90%
VarVarois
89%
TarnTarnais
87%
MayenneMayennais
86%
OrneOrnais
86%
NordNordistes
84%
FinistèreFinistèriens
71%

Distribution des résultats

Percentile par nombre de réponses

% des personnes avec chaque résultat

Votre développement - résultats

Vous n’avez pas pris ce quiz